2 prénoms pour trouver un nom célèbre #2 - Statistiques

Statistiques générales
  • Ce quiz a été pris 281 fois
  • Le résultat moyen est 14 sur 30
Statistiques - réponses
Prénoms Réponse % Correct
Martin Luther King
100%
Barack Obama
96%
Jean-Marie Le Pen
91%
Bill Clinton
83%
Kim Kardashian
78%
Agatha Christie
73%
Aretha Franklin
69%
Grace Kelly
67%
Tino Rossi
64%
Françoise Hardy
60%
Jacques Dutronc
55%
Gengis Khan
53%
Christian Bale
50%
Marcel Marceau
49%
Bartholomew Roberts
45%
Albert Cohen
43%
Enzo Ferrari
40%
Gustave Courbet
29%
Alexandre Dumas
29%
Méhémet Ali
28%
Alexandre Astier
26%
César Borgia
24%
Danny Boyle
24%
Françoise Sagan
23%
Henri Poincaré
21%
Alexander Fleming
20%
Jim Morrison
20%
Marie Drucker
17%
Elizabeth Taylor
15%
Tzu Sun
7%
Aucun quiz correspondant
Distribution des résultats
% des personnes avec chaque résultat
Percentile par nombre de réponses
Votre historique - résultats
Vous n’avez pas pris ce quiz